| 000 | 00878nam a22002775a 4500 | ||
|---|---|---|---|
| 005 | 20161024132433.0 | ||
| 008 | 161019s2015 enka frb 001 0 eng d | ||
| 020 | _a9781446282212 | ||
| 020 | _a9781446282205 | ||
| 040 |
_aEG-ScBUE _beng _cEG-ScBUE _dEG-ScBUE |
||
| 043 | _ae-uk--- | ||
| 082 | 0 | 4 |
_a650.14 _bDOW _222 |
| 100 | 1 | _aDowson, Paul. | |
| 245 | 1 | 0 |
_aPersonal & professional development for business students / _cPaul Dowson. |
| 246 | 3 | _aPersonal and professional development for business students | |
| 250 | _a1st ed. | ||
| 260 |
_aLondon : _bSAGE, _c2015. |
||
| 300 |
_axiii, 375 p. : _bill. ; _c24 cm. |
||
| 500 | _aIndex : p. [364]-375. | ||
| 504 | _aIncludes bibliographical references. | ||
| 590 | _aShima | ||
| 650 | 0 |
_aBusiness students _xVocational guidance _zGreat Britain. _2BUEsh |
|
| 651 | _2BUEsh | ||
| 653 |
_bBUSADM _cOctober2016 |
||
| 942 | _2ddc | ||
| 999 |
_c22700 _d22672 |
||